000 00728nam a22002057a 4500
005 20100813101756.0
010 _aENG-100099
020 _c100.00
035 _aEN-83631
037 _bDBAD/PUB
082 _a347.8
100 _aJhabvala, Noshirvan H.
_912384
245 _aThe elments of equity /
_cby Noshirvan H. Jhabvala and Iqbal Muhammad Yusuf
260 _aMumbai
_bC. jamuna Das & Co.
270 _a146-C, Shamaldas Gandhi Marg
_bMumbai
_e400002
300 _a160p.
_c23cm (pbk)
700 _aYusuf, Iqbal Muhammad
_912122
942 _2ddc
_cEN
_h347.8
_mJHA
999 _c41481
_d41481